000 01451nam a22002177a 4500
005 20251213154320.0
008 230811b ||||| |||| 00| 0 eng d
020 _a9789356065819
040 _cAL
041 _aEnglish
082 _a420.02
_bPANN
100 _aVineet Pandey
_9129879
245 _aNTA -UGC English Paper 11 NET/SET/JRF 2023
250 _a3th ed.
260 _aNoida
_bPearson
_c2023
300 _axxxviii,412p.
_bPB
_c26x19cm.
365 _2General
_a3819
_b₹420.00
_c
_d₹525.00
_e20%
_f10/08/2023
520 _aUGC NET English Paper 2 is a ready reckoner for the aspiring English language teachers. Now in its third edition, the book provides thorough and updated topics of English language as per the recently updated UGC NET Curriculum.This edition also comes along with topics like Poetry Schools, summary of some very important non-fiction books (Behind The Beautiful Forever’s: Life, Death and Hope, The Reluctant Fundamentalist, The Rise and Realms of Mammals, The Book of Minds, The Colour of Madness and so on). It also comes along with summary of 25 short storieswhich are all important and significant from examination point of view.Features – 2022 paper fully solved.Important literary terms and acronyms enlisted.Did You know, and Key Point boxes include.Mock Tests to judge students’ knowledge Adequate Practice questions -wise for practice.
650 _2Language
_aEnglish
_9129880
942 _2ddc
_cBK
999 _c228293
_d228293